[Event "VII Famalicao Open 2019"]
[Site "Famalicao"]
[Date "2019.07.29"]
[Round "3.2"]
[White "Martinez Duany, Lelys Stanley"]
[Black "Forgas Moreno, Yaniela"]
[Result "1-0"]
[WhiteElo "2535"]
[BlackElo "2272"]
[Annotator "TA"]
[PlyCount "55"]
[EventDate "2019.07.28"]
[EventType "swiss"]
[EventCountry "POR"]
[SourceTitle "playchess.com"]
[Source "ChessBase"]
[SourceQuality "1"]

{[%evp 9,55,31,94,87,90,66,58,61,48,30,35,22,26,26,32,38,33,31,133,126,129,112,154,118,139,72,81,77,125,91,139,142,133,138,131,138,152,131,130,125,150,159,142,122,425,420,406,391]} 1. b3 e5 2. Bb2 d6 3. e3 g6 4. d4 Bg7 5. dxe5 dxe5 (5... Nd7 $14) 6. Qxd8+ $16 {A01: Nimzowitsch-Larsen Opening} Kxd8 7. Na3 $146 ({Predecessor:} 7. Nf3 Nd7 8. Na3 Ne7 9. O-O-O f6 10. Bc4 c6 11. Be6 Kc7 12. Nc4 {1-0 (34) Nakamura,H (2777)-Hou,Y (2658) chess.com INT 2018}) 7... c6 8. Nc4 {White is slightly better.} f6 9. O-O-O+ Kc7 10. Ba3 {[#] aiming for Bd6+.} Bg4 11. f3 Be6 12. f4 b5 13. Bd6+ Kb7 ({Better is} 13... Kc8 $14) 14. Na5+ Kb6 15. b4 $36 {[%mdl 2048] White has strong initiative.} Nd7 16. c4 {Hoping for c5+.} bxc4 17. Nxc4+ (17. Nf3 $142) 17... Bxc4 18. Bxc4 Bf8 19. Ne2 Bxd6 20. Rxd6 Kc7 21. Rhd1 Nb6 22. Bb3 Re8 23. Nc3 exf4 24. exf4 f5 {[#]} 25. b5 $1 {[%cal Rb5c6]} Ne7 26. Re6 {bxc6 is the strong threat.} cxb5 $2 {[%mdl 8192]} (26... Nd7 $16 {is more resistant.}) 27. Nxb5+ $18 {[%mdl 64] Double Attack} Kb8 28. Nd6 {Accuracy: White = 55%, Black = 38%.} 1-0

[Event "VII Famalicao Open 2019"]
[Site "Famalicao"]
[Date "2019.07.29"]
[Round "3.3"]
[White "Fidalgo, Andre Neves"]
[Black "Galego, Luis"]
[Result "0-1"]
[WhiteElo "2262"]
[BlackElo "2513"]
[Annotator "TA"]
[PlyCount "96"]
[EventDate "2019.07.28"]
[EventType "swiss"]
[EventCountry "POR"]
[SourceTitle "playchess.com"]
[Source "ChessBase"]
[SourceQuality "1"]

{[%evp 16,96,43,35,31,0,14,0,13,-9,0,-17,-4,-30,-16,-16,-3,-69,-60,-60,-57,-61,-65,-75,-64,-41,-36,-79,-81,-159,-72,-73,-44,-55,-39,-89,-74,-89,-92,-202,-203,-210,-204,-165,-99,-243,-235,-237,-231,-29994,-356,-351,-355,-352,-348,-326,-325,-320,-298,-314,-314,-497,-485,-600,-593,-590,-597,-592,-584,-555,-514,-657,-625,-844,-879,-4950,-4858,-29978,-29979,-29979,-29980,-29961,-290]} 1. d4 Nf6 2. Nf3 d6 3. g3 Nbd7 4. Bg2 e5 5. c4 c6 6. O-O Be7 7. Nc3 O-O 8. Qc2 Re8 9. h3 Bf8 {A54: Old Indian Defence with Nf3, but without e4} (9... Qc7 10. Bd2 Bf8 11. Rac1 a5 12. e4 g6 13. Be3 exd4 14. Nxd4 Nc5 15. Rfe1 a4 16. b4 axb3 17. axb3 Qa5 18. Rb1 Qb4 19. Qd2 Na6 20. Nc2 Qa5 21. Nd5 {1-0 (21) Edouard,R (2635)-Cacho Reigadas,S (2520) Monzon 2016}) 10. dxe5 dxe5 11. Be3 Qc7 {The position is equal.} 12. a3 $146 ({Predecessor:} 12. Rac1 h6 13. Rfd1 Bc5 14. Bxc5 Nxc5 15. b4 Na6 16. a3 e4 17. Nd2 {0-1 (70) Mucongoma,M-Gwaze,R (2429) Gaborone 2011}) 12... Nb6 13. Nd2 Be6 14. Na4 (14. g4 {keeps more tension.} Be7 15. b3 h6 16. Rfd1 Nbd7 17. Nde4) 14... Nfd7 15. Nxb6 Nxb6 16. c5 ({White should try} 16. b3 $11) 16... Nd5 $15 17. Nc4 f5 18. b4 Nxe3 19. Nxe3 Qf7 20. Rac1 Rad8 21. Nd1 g6 22. Re1 (22. e3 $142) 22... Bh6 (22... Bb3 $142 23. Qb2 e4) 23. e3 $17 Re7 24. Nb2 f4 25. exf4 exf4 26. Rcd1 Rde8 27. Bf1 (27. g4 $17) 27... fxg3 $19 28. fxg3 Bd5 29. Rxe7 Qxe7 ({Black should play} 29... Rxe7 $19 30. Bg2 Re3 31. Bxd5 cxd5) 30. Nc4 {[#]} (30. Bc4 $17) 30... Rf8 $1 {Strongly threatening ...Be3+.} 31. Qe2 Qg5 $40 {[%mdl 128] Black attacks with force.} 32. Qg4 $2 {[#]} (32. Kh2 $19 Qf6 33. Bg2) 32... Qxg4 $2 (32... Qe3+ $1 {[%mdl 512] mates} 33. Nxe3 Bxe3+ 34. Kh2 Rf2+ 35. Bg2 Rxg2+ 36. Kh1 Rd2+ 37. Qf3 Bxf3#) 33. hxg4 {[#]} Rxf1+ $1 {[%mdl 576] Remove Defender} 34. Kxf1 {Na5 is the strong threat.} (34. Rxf1 Bxc4) 34... Bxc4+ 35. Kf2 Bd5 36. Ke2 Bg7 37. Kd3 g5 38. Rf1 (38. Rd2 {keeps fighting.}) 38... Be6 39. Re1 Kf7 40. Rf1+ Bf6 41. Rh1 Kg7 42. Re1 Bd7 43. Kc4 Bxg4 44. Re8 h5 45. Rb8 h4 46. Rxb7+ Kg6 {Black mates.} 47. gxh4 gxh4 48. Rb8 Be6+ {Accuracy: White = 29%, Black = 73%.} 0-1

[Event "VII Famalicao Open 2019"]
[Site "Famalicao"]
[Date "2019.07.29"]
[Round "3.4"]
[White "Spraggett, Kevin"]
[Black "Rego, Pedro Filipe"]
[Result "1/2-1/2"]
[WhiteElo "2511"]
[BlackElo "2249"]
[Annotator "TA"]
[PlyCount "89"]
[EventDate "2019.07.28"]
[EventType "swiss"]
[EventCountry "POR"]
[SourceTitle "playchess.com"]
[Source "ChessBase"]
[SourceQuality "1"]

{[%evp 12,89,34,24,30,27,41,41,48,39,41,12,7,8,21,9,0,0,22,29,35,0,0,-11,49,37,92,76,87,0,19,20,21,5,36,16,16,10,56,18,82,22,24,19,19,18,18,18,22,8,22,18,11,0,0,0,0,0,58,58,58,61,58,64,66,66,55,59,60,52,60,54,45,67,46,37,44,50,79,22]} 1. e4 c6 2. d4 d5 3. Nc3 dxe4 4. Nxe4 Nf6 5. Nxf6+ exf6 6. c3 Bf5 7. Ne2 Bd6 {B15: Caro-Kann: 3 Nc3: 3...g6 and 3...dxe4 4 Nxe4 Nf6 5 Nxf6+ exf6} 8. Ng3 Qe7+ (8... Bxg3 9. hxg3 O-O 10. Be2 Nd7 11. O-O Re8 12. Be3 Be4 13. c4 Qa5 14. Qe1 Qc7 15. Qc3 {½-½ (26) Demchenko,A (2671)-Dimitrov,R (2478) Rochefort 2018}) 9. Be2 Bg4 {White is slightly better.} 10. f3 Be6 11. Ne4 $146 ({Predecessor:} 11. O-O f5 12. Bd3 Qh4 13. Bxf5 Nd7 14. Qe2 O-O-O 15. Bxe6 fxe6 {1-0 (89) Pap,M (2505)-Miladinovic,I (2535) Ruma 2017}) 11... Bc7 12. O-O O-O 13. Bd3 Nd7 {[%cal Bb8d7,Bd7b6,Bb6d5][%mdl 32]} 14. Ng3 Nb6 15. f4 Rad8 16. b3 Nd5 17. Bd2 b5 (17... c5 $11) 18. Qc2 $14 g6 {[#]} (18... h6 $14) 19. f5 $1 $36 {[%cal Rf5e6][%mdl 2048] Black is under strong pressure.} Bxg3 20. fxe6 (20. hxg3 $16 Bc8 21. fxg6) 20... Bb8 21. exf7+ Rxf7 22. Rae1 Qd6 23. g3 Kg7 24. Kg2 Bc7 25. Qc1 b4 (25... f5 $11 {remains equal.}) 26. cxb4 (26. c4 $16 Ne7 27. Be3) 26... Nxb4 $11 27. Bc4 Nd5 28. Bh6+ Kh8 29. Qd2 Qd7 30. Re2 Bd6 31. Bxd5 cxd5 32. Rfe1 Re7 33. Rxe7 Bxe7 34. Qe3 Bf8 ({Better is} 34... Bb4 $11 35. Re2 Kg8) 35. Bxf8 $14 Rxf8 {[%mdl 4096] Endgame KQR-KQR} 36. Qe7 {[%cal Re7f8] [#]} Rf7 37. Qxd7 Rxd7 {KR-KR} 38. Rc1 Kg7 39. Rc5 Kf7 40. b4 Ke6 41. b5 Rd6 42. a4 a6 43. Kf3 axb5 44. axb5 h5 45. h3 {Accuracy: White = 67%, Black = 50%.} ({White should try} 45. Ke2 $16) 1/2-1/2

[Event "VII Famalicao Open 2019"]
[Site "Famalicao"]
[Date "2019.07.29"]
[Round "3.5"]
[White "Leonardo, Joao"]
[Black "Petkov, Vladimir"]
[Result "0-1"]
[WhiteElo "2227"]
[BlackElo "2497"]
[Annotator "RC"]
[PlyCount "80"]
[EventDate "2019.07.28"]
[EventType "swiss"]
[EventCountry "POR"]
[SourceTitle "playchess.com"]
[Source "ChessBase"]
[SourceQuality "1"]
[TimeControl "5400+30"]

1. d3 {[%emt 0:08:37]} d5 {[%emt 0:00:48]} 2. Nf3 {[%emt 0:00:33]} Bg4 {[%emt 0:02:15]} 3. Nbd2 {[%emt 0:01:16]} Nc6 {[%emt 0:00:48]} 4. g3 {[%emt 0:00:19]} e5 {[%emt 0:00:42]} 5. Bg2 {[%emt 0:00:02]} Be7 {[%emt 0:00:17]} 6. e4 {[%emt 0:00:11]} dxe4 {[%emt 0:00:22]} 7. dxe4 {[%emt 0:00:04]} Qd7 {[%emt 0:01:05]} 8. h3 {[%emt 0:00:12]} Be6 {[%emt 0:00:19]} 9. Qe2 {[%emt 0:00:39]} O-O-O {[%emt 0:08:09]} 10. a3 {[%emt 0:00:17]} h5 {[%emt 0:00:11]} 11. h4 {[%emt 0:01:03]} Nh6 {[%emt 0:08:25]} 12. O-O {[%emt 0:01:10]} Ng4 {[%emt 0:00:15]} 13. Nc4 {[%emt 0:01:19]} f6 {[%emt 0:05:32]} 14. c3 {[%emt 0:00:44]} Qd3 {[%emt 0:02:38]} 15. Qxd3 {[%emt 0:00:42]} Rxd3 {[%emt 0:00:05]} 16. Ne3 {[%emt 0:00:22]} Nxe3 {[%emt 0:06:35]} 17. Bxe3 {[%emt 0:00:51]} Rhd8 {[%emt 0:00:12]} 18. Rfe1 {[%emt 0:00:29]} Bb3 {[%emt 0:18:17]} 19. Bf1 {[%emt 0:01:02]} R3d6 {[%emt 0:00:13]} 20. Be2 {[%emt 0:05:52]} b6 {[%emt 0:03:13]} 21. Rec1 {[%emt 0:01:26]} Na5 {[%emt 0:07:28]} 22. c4 {[%emt 0:09:45]} R6d7 {[%emt 0:00:17]} 23. c5 {[%emt 0:03:23]} Kb7 {[%emt 0:01:03]} 24. Rc3 {[%emt 0:17:06]} c6 {[%emt 0:00:28]} 25. cxb6 {[%emt 0:00:34]} axb6 {[%emt 0:00:10]} 26. Rac1 {[%emt 0:00:27]} b5 {[%emt 0:02:46]} 27. Ne1 {[%emt 0:09:15]} g6 {[%emt 0:04:34]} 28. Rd3 {[%emt 0:07:53]} Rxd3 {[%emt 0:11:38]} 29. Bxd3 {[%emt 0:00:12]} Nc4 {[%emt 0:01:03]} 30. Bxc4 {[%emt 0:01:33]} Bxc4 {[%emt 0:00:20]} 31. f3 {[%emt 0:00:39]} g5 {[%emt 0:00:12]} 32. Ng2 {[%emt 0:02:07]} Rd3 {[%emt 0:03:38]} 33. Kf2 {[%emt 0:00:31]} Rb3 {[%emt 0:02:00]} 34. Rc2 {[%emt 0:00:33]} c5 {[%emt 0:01:29]} 35. Ne1 {[%emt 0:06:19]} Kc6 {[%emt 0:01:43]} 36. Bd2 {[%emt 0:03:48]} Kd6 {[%emt 0:02:08]} 37. Bc3 {[%emt 0:00:12]} Ke6 {[%emt 0:00:12]} 38. Ng2 {[%emt 0:01:55]} Bd3 {[%emt 0:00:23]} 39. Rd2 {[%emt 0:00:17]} c4 {[%emt 0:00:10]} 40. Ke1 {[%emt 0:07:26]} Bxa3 {[%emt 0:00:52]} 0-1

[Event "VII Famalicao Open 2019"]
[Site "Famalicao"]
[Date "2019.07.29"]
[Round "3.6"]
[White "Damaso, Rui"]
[Black "Santos, Jose Guilherme B Lim"]
[Result "1-0"]
[WhiteElo "2425"]
[BlackElo "2155"]
[Annotator "TA"]
[PlyCount "51"]
[EventDate "2019.07.28"]
[EventType "swiss"]
[EventCountry "POR"]
[SourceTitle "playchess.com"]
[Source "ChessBase"]
[SourceQuality "1"]

{[%evp 16,51,58,0,38,36,68,52,83,77,81,78,79,89,95,93,132,140,143,146,156,144,139,134,140,142,204,197,196,157,283,208,731,694,772,759,820,634]} 1. d4 Nf6 2. c4 e6 3. Nf3 c5 4. d5 exd5 5. cxd5 d6 6. e4 g6 7. Bd3 Bg7 8. O-O O-O 9. Nbd2 (9. Nc3 $14) 9... Na6 {E10: Blumenfeld Gambit} (9... Re8 10. h3 b6 11. Re1 Ba6 12. Bxa6 Nxa6 13. Rb1 b5 14. a4 bxa4 15. Qxa4 Nb4 16. Qb3 a5 17. Qc4 {0-1 (32) Zagrebelny,S (2485)-Zvjaginsev,V (2642) Tula 2019}) 10. h3 Nc7 $146 ({Predecessor:} 10... Rb8 11. a4 Nb4 12. Nc4 b6 13. Bf4 Ba6 14. Rc1 Re8 15. Re1 Nh5 16. Bg5 Bf6 17. Bxf6 Qxf6 {½-½ (66) Petrosyan,M (2312)-Babujian,L (2501) Yerevan 2013}) 11. Re1 Rb8 {White is slightly better.} 12. a4 b6 13. Nc4 Ba6 14. Bf4 Bxc4 15. Bxc4 Nce8 16. e5 Nh5 17. Bg5 f6 18. e6 $36 {[%mdl 2048] White is on the roll.} Qe7 19. Bc1 {[#] Hoping for g4.} f5 20. Ra3 h6 (20... Nhf6 $16 {was called for.} 21. Qd3 Ne4) 21. g3 {Black must now prevent Nh4.} Kh7 22. Nh4 Be5 (22... Nhf6 $16 23. g4 Ng8) 23. Rf3 (23. Qd2 Bf4 $16) 23... Nc7 $2 {[#]} (23... Nhg7 24. Ra3 (24. Qd2 g5 $18) 24... Bf6) 24. Rxe5 $1 $18 {[%mdl 576] Strongly threatening Nxg6! Remove Defender. White is clearly winning.} dxe5 25. d6 {[%mdl 64] Double Attack} Rbd8 26. Rd3 {Accuracy: White = 91%, Black = 19%.} (26. dxe7 $2 {loses.} Rxd1+ 27. Kg2 Re8 $19) 1-0

[Event "VII Famalicao Open 2019"]
[Site "Famalicao"]
[Date "2019.07.29"]
[Round "3.7"]
[White "Rodrigues, Afonso"]
[Black "Campora, Daniel H."]
[Result "0-1"]
[WhiteElo "2134"]
[BlackElo "2420"]
[Annotator "TA"]
[PlyCount "120"]
[EventDate "2019.07.28"]
[EventType "swiss"]
[EventCountry "POR"]
[SourceTitle "playchess.com"]
[Source "ChessBase"]
[SourceQuality "1"]

{[%evp 9,120,-2,13,1,4,2,16,20,8,0,0,0,-3,-2,0,0,0,0,4,2,3,-25,0,0,0,0,0,0,11,0,0,-20,0,0,14,0,0,0,0,0,15,-10,-10,-65,-57,-125,-74,-118,-115,-133,-43,-83,-77,-96,-79,-138,-117,-130,-114,-124,-114,-96,-88,-81,-104,-206,-205,-204,-198,-272,-142,-154,-144,-145,0,-51,0,-8,-8,-8,-8,-8,-8,-8,-8,-8,-8,-4,-7,-135,-112,-77,-33,-52,-8,-8,-8,-18,0,-511,-500,-1819,-3,-3,-3,-3,-3,-29971,-29973,-29961,-29949,-29977,-29976]} 1. d4 Nf6 2. Bf4 d5 3. e3 c5 4. c3 Nc6 5. Nd2 Bg4 (5... Qb6 6. Qb3 Nh5 7. Qxb6 axb6 8. Bc7 cxd4 9. exd4 e5 10. Bxe5 Nxe5 11. dxe5 Bc5 12. g3 O-O {1-0 (76) Aronian,L (2765)-Caruana,F (2832) London 2018}) 6. Qb3 {D00: 1 d4 d5: Unusual lines} Qd7 7. h3 c4 8. Qa4 {The position is equal.} Bf5 9. Ngf3 a6 10. g4 Bg6 (10... b5 $5 11. Qd1 $8 Bg6 $11) 11. Nh4 e6 $146 (11... b5 $5 12. Qd1 $8 e6 $11) ({Predecessor:} 11... b5 12. Qd1 e6 13. a4 b4 14. Nxg6 hxg6 15. e4 bxc3 16. bxc3 Bd6 {1-0 (16) Heberla,B (2506)-Szoen,D (2491) Lublin 2008}) 12. Nxg6 hxg6 13. Bg2 Bd6 14. Bxd6 Qxd6 15. e4 b5 16. Qc2 Qf4 17. a4 O-O 18. O-O Rac8 19. Rfe1 b4 20. Qc1 Rfd8 (20... Na5 {is interesting.} 21. exd5 Nxd5 22. Bxd5 exd5 23. Nb3 Qxc1 24. Nxc1 Rb8) 21. exd5 exd5 22. Ne4 Qxc1 23. Nxf6+ gxf6 24. Raxc1 Rb8 25. Rb1 g5 26. h4 (26. f4 $11) 26... gxh4 $15 27. f4 (27. Kh2 $15) 27... Kf8 (27... f5 $142 28. g5 bxc3 29. bxc3 Rb3 30. Rxb3 cxb3) 28. Kf2 Ne7 29. f5 Rd6 (29... Ke8 $1 $17 30. Bf3 Kd7) 30. Rbc1 bxc3 31. bxc3 Rb2+ 32. Re2 ({Better is} 32. Kf3) 32... Rxe2+ 33. Kxe2 $17 {[%mdl 4096] Endgame KRB-KRN} Rb6 34. Rc2 a5 35. Ke3 Ke8 36. Kf4 Kd7 37. g5 (37. Bf3 $17) 37... fxg5+ $19 38. Kxg5 f6+ 39. Kh5 (39. Kxh4 {keeps fighting.} Nxf5+ 40. Kh5) 39... Rb8 (39... Rb3 $19 40. Bh3 Ra3) 40. Bh3 $17 Rg8 41. Kxh4 {[#]} Rg5 ({Black should try} 41... Nc8 $1 $17 42. Bg4 Nd6) 42. Rf2 (42. Rb2 $11) 42... Kc7 (42... Nc8 $15) 43. Bg4 Nc8 44. Re2 Nd6 45. Re7+ Kd8 46. Re6 Ne4 47. Ra6 Kc7 48. Rxa5 Nxc3 49. Rc5+ (49. Ra7+ $1 $11 {remains equal.} Kb8 50. Rd7) 49... Kd6 50. a5 Rg7 {Threatens to win with ...Rh7+.} 51. Bf3 Rg1 52. Rc8 Ra1 53. Rf8 Ne4 {...c3 is the strong threat.} 54. a6 $2 {[%mdl 8192] [#]} (54. Kg4 $11 {and White has nothing to worry.}) 54... c3 $1 $19 55. Rc8 (55. Bd1 $142 Rxa6 56. Rd8+ Ke7 57. Rxd5) 55... Rxa6 $2 (55... Kd7 $19 56. Bxe4 Kxc8) 56. Bxe4 $1 $11 dxe4 57. Rxc3 Kd5 {And now ...Ra5 would win.} (57... Ra5 $5 58. Kg4 $8 Kd5 $11) 58. Kh5 $2 {[%mdl 8192]} (58. Rb3 $11) 58... Kxd4 {Black mates.} 59. Rc8 e3 60. Kg6 e2 {Accuracy: White = 33%, Black = 47%.} 0-1

[Event "VII Famalicao Open 2019"]
[Site "Famalicao"]
[Date "2019.07.29"]
[Round "3.8"]
[White "Cori T., Deysi"]
[Black "Vasconcelos, Dayvit Keffen Dos R"]
[Result "1-0"]
[WhiteElo "2405"]
[BlackElo "1216"]
[Annotator "TA"]
[PlyCount "41"]
[EventDate "2019.07.28"]
[EventType "swiss"]
[EventCountry "POR"]
[SourceTitle "playchess.com"]
[Source "ChessBase"]
[SourceQuality "1"]

{[%evp 9,41,70,145,147,135,149,160,153,152,150,162,112,142,82,102,86,170,160,256,232,361,372,318,350,663,665,1459,652,646,655,29995,29996,29996,29997]} 1. d4 Nf6 2. Nf3 d5 3. c4 c6 4. Nc3 Bg4 5. Ne5 e6 ({Black should play} 5... Be6 $14) 6. cxd5 {D15: Slav Defence: 4 Nc3 a6 and gambit lines after 4 Nc3 dxc4} (6. h3 Bf5 7. g4 Bg6 8. h4 dxc4 9. h5 Be4 10. f3 Bb4 11. Bg2 Bd5 12. e4 c5 13. exd5 Nxd5 {1-0 (35) Farago,I (2453)-Gutman,L (2527) Bad Woerishofen 2001}) 6... exd5 7. Nxg4 Nxg4 8. e4 $1 {White is clearly better.} Nf6 9. e5 $1 {[%cal Re5f6]} Nfd7 10. Qg4 $146 ({Predecessor:} 10. Be2 Be7 11. O-O Nf8 12. f4 Bb4 13. Kh1 g6 14. f5 Na6 15. Bxa6 bxa6 16. Qa4 Qb6 17. Nxd5 Qb5 18. Nc7+ {1-0 (18) Mayor Sanchez,A (1952)-Barea Garcia,L (1679) Pont Major 2016}) 10... g6 11. h4 (11. Bd3 $142) 11... h5 $16 12. Qg3 $36 {[%mdl 2048] White is really pushing.} Bg7 (12... Be7 $16) 13. Bd3 $18 O-O {[#]} (13... Qb6 $16 {is a better defense.}) 14. O-O $1 c5 (14... Na6 {was necessary.} 15. e6 Bxd4 16. exf7+ (16. exd7 Qxd7 17. Rd1 Bg7 $18) 16... Rxf7) 15. Bg5 ({Weaker is} 15. Nxd5 Nxe5 16. dxe5 Qxd5 $11) 15... Qa5 16. Nxd5 cxd4 $2 (16... Nc6 17. e6 cxd4) 17. Ne7+ Kh7 {[#]} 18. Nxg6 (18. Qf3 $142 $1 {[%mdl 512]} f5 19. exf6 Nxf6 20. Nxg6) 18... fxg6 {[#]} 19. Bd8 $1 {[%mdl 512]} Rxd8 (19... Qxd8 20. Qxg6+) 20. Qxg6+ {[%mdl 64] Double Attack} Kg8 21. Bc4+ {Accuracy: White = 55%, Black =  5%.} 1-0

[Event "VII Famalicao Open 2019"]
[Site "Famalicao"]
[Date "2019.07.29"]
[Round "3.9"]
[White "Santos, Jose Miguel Sereno"]
[Black "Vassallo Barroche, Mauricio"]
[Result "0-1"]
[WhiteElo "1702"]
[BlackElo "2380"]
[Annotator "RC"]
[PlyCount "128"]
[EventDate "2019.07.28"]
[EventType "swiss"]
[EventCountry "POR"]
[TimeControl "5400+30"]

1. e4 {[%emt 0:00:00]} d6 {[%emt 0:00:42]} 2. d4 {[%emt 0:01:01]} Nf6 {[%emt 0:00:14]} 3. Bd3 {[%emt 0:00:47]} e5 {[%emt 0:00:50]} 4. c3 {[%emt 0:00:19]} g6 {[%emt 0:03:10]} 5. Nf3 {[%emt 0:00:41]} Nbd7 {[%emt 0:00:09]} 6. O-O {[%emt 0:02:09]} Bg7 {[%emt 0:00:24]} 7. Re1 {[%emt 0:00:20]} O-O {[%emt 0:00:06]} 8. Nbd2 {[%emt 0:01:00]} Nh5 {[%emt 0:05:31]} 9. Nf1 {[%emt 0:02:07]} h6 {[%emt 0:00:27]} 10. Ng3 {[%emt 0:00:47]} Nxg3 {[%emt 0:00:09]} 11. hxg3 {[%emt 0:00:04]} Qe7 {[%emt 0:00:22]} 12. Bc4 {[%emt 0:00:33]} Kh7 {[%emt 0:00:46]} 13. Nh4 {[%emt 0:03:26]} Nb6 {[%emt 0:08:27]} 14. Bb3 {[%emt 0:00:59]} Bf6 {[%emt 0:00:45]} 15. Nf3 {[%emt 0:01:09]} Bg4 {[%emt 0:00:19]} 16. Ng5+ {[%emt 0:00:50]} Bxg5 {[%emt 0:00:02]} 17. Qxg4 {[%emt 0:00:08]} Bxc1 {[%emt 0:00:07]} 18. Raxc1 {[%emt 0:00:36]} a5 {[%emt 0:00:11]} 19. f4 {[%emt 0:01:45]} Kg7 {[%emt 0:00:08]} 20. f5 {[%emt 0:01:00]} a4 {[%emt 0:00:10]} 21. Bc2 {[%emt 0:00:29]} a3 {[%emt 0:00:07]} 22. bxa3 {[%emt 0:00:56]} Nd7 {[%emt 0:01:16]} 23. Rf1 {[%emt 0:03:29]} Nf6 {[%emt 0:00:08]} 24. Qf3 {[%emt 0:01:17]} Rxa3 {[%emt 0:01:14]} 25. Bb3 {[%emt 0:01:39]} g5 {[%emt 0:03:17]} 26. Rfe1 {[%emt 0:00:52]} Ra5 {[%emt 0:00:54]} 27. g4 {[%emt 0:03:27]} Qd8 {[%emt 0:00:10]} 28. Kh2 {[%emt 0:00:58]} Qa8 {[%emt 0:01:50]} 29. Rc2 {[%emt 0:00:33]} Qa7 {[%emt 0:02:35]} 30. Kg3 {[%emt 0:03:11]} Re8 {[%emt 0:01:51]} 31. d5 {[%emt 0:00:37]} Rh8 {[%emt 0:01:00]} 32. Rh1 {[%emt 0:00:52]} Qc5 {[%emt 0:01:06]} 33. Re2 {[%emt 0:01:27]} Ra3 {[%emt 0:02:53]} 34. Qe3 {[%emt 0:01:13]} Qxe3+ {[%emt 0:00:02]} 35. Rxe3 {[%emt 0:00:06]} Nd7 {[%emt 0:00:02]} 36. Kf3 {[%emt 0:02:03]} Nc5 {[%emt 0:00:01]} 37. c4 {[%emt 0:10:39]} Nd7 {[%emt 0:04:42]} 38. Rc3 {[%emt 0:08:52]} b6 {[%emt 0:00:06]} 39. Re3 {[%emt 0:03:51]} Nf6 {[%emt 0:00:06]} 40. Ree1 {[%emt 0:04:07]} Rha8 {[%emt 0:04:30]} 41. Re3 {[%emt 0:02:30]} Nd7 {[%emt 0:00:08]} 42. Rc1 {[%emt 0:01:11]} Nc5 {[%emt 0:00:10]} 43. Rb1 {[%emt 0:01:35]} Rh8 {[%emt 0:00:47]} 44. Rh1 {[%emt 0:02:55]} Ra5 {[%emt 0:00:36]} 45. Rc3 {[%emt 0:05:06]} Nd7 {[%emt 0:00:04]} 46. Rc2 {[%emt 0:00:57]} Nf6 {[%emt 0:00:34]} 47. Rcc1 {[%emt 0:00:21]} Ra3 {[%emt 0:00:18]} 48. Rce1 {[%emt 0:00:12]} Raa8 {[%emt 0:00:26]} 49. Rc1 {[%emt 0:09:08]} Ra7 {[%emt 0:03:09]} 50. Rce1 {[%emt 0:00:28]} Nd7 {[%emt 0:00:15]} 51. Rc1 {[%emt 0:00:46]} Nc5 {[%emt 0:00:11]} 52. Rc3 {[%emt 0:00:25]} Nxb3 {[%emt 0:00:15]} 53. axb3 {[%emt 0:00:05]} Ra2 {[%emt 0:00:03]} 54. Rhc1 {[%emt 0:00:26]} Rha8 {[%emt 0:00:32]} 55. R3c2 {[%emt 0:00:16]} Rxc2 {[%emt 0:00:47]} 56. Rxc2 {[%emt 0:00:06]} Ra1 {[%emt 0:00:02]} 57. g3 {[%emt 0:01:05]} Rb1 {[%emt 0:00:11]} 58. Rc3 {[%emt 0:00:35]} Rb2 {[%emt 0:00:04]} 59. Ke3 {[%emt 0:01:45]} h5 {[%emt 0:00:30]} 60. Kf3 {[%emt 0:00:48]} Kh6 {[%emt 0:00:09]} 61. gxh5 {[%emt 0:00:19]} Kxh5 {[%emt 0:00:02]} 62. g4+ {[%emt 0:00:10]} Kh4 {[%emt 0:00:04]} 63. Re3 {[%emt 0:00:57]} Rh2 {[%emt 0:00:10]} 64. Re1 {[%emt 0:01:20]} Rh3+ {[%emt 0:00:06]} 0-1

[Event "VII Famalicao Open 2019"]
[Site "Famalicao"]
[Date "2019.07.29"]
[Round "3.10"]
[White "Dantas, Carlos"]
[Black "Fernandes, Rui Filipe Santos"]
[Result "1-0"]
[WhiteElo "2109"]
[BlackElo "1434"]
[Annotator "TA"]
[PlyCount "56"]
[EventDate "2019.07.28"]
[EventType "swiss"]
[EventCountry "POR"]
[SourceTitle "playchess.com"]
[Source "ChessBase"]
[SourceQuality "1"]

{[%evp 11,56,18,18,0,0,1,-2,0,0,-3,2,0,0,0,6,-5,8,22,91,79,94,83,112,112,88,88,77,69,68,-4,50,39,72,81,139,156,195,202,489,491,530,526,513,516,3143,2751,29997]} 1. e4 c5 2. Nf3 Nc6 3. Bb5 g6 4. O-O Bg7 5. Re1 e5 6. c3 Nge7 7. h3 {B31: Sicilian: 2...Nc6 3 Bb5 g6} (7. a4 O-O 8. d3 d6 9. Bc4 h6 10. Nbd2 Kh7 11. Nf1 f5 12. h3 f4 13. b4 g5 14. b5 Na5 15. Ba2 {0-1 (82) Tari,A (2620)-Alekseenko,K (2638) St Petersburg 2018}) 7... O-O 8. d3 a6 9. Ba4 {The position is equal.} b5 10. Bb3 h6 11. Be3 d6 12. a4 $146 {axb5 is the strong threat.} ({Predecessor:} 12. Nbd2 Na5 13. Bc2 Bb7 14. Nf1 Rc8 15. Qd2 Kh7 16. N1h2 {½-½ (25) Sivarajasingam,V (1604)-Cole,J (1775) Witney 2015}) 12... b4 13. d4 cxd4 14. cxd4 a5 (14... exd4 $11 {keeps the balance.} 15. Nxd4 Bb7) 15. dxe5 $16 Nxe5 16. Nxe5 Bxe5 17. Bxh6 Bxb2 18. Ra2 {[%cal Ba1a2,Ba2c2,Bc2c3][%mdl 32]} Bg7 19. Bg5 Be6 20. Nd2 (20. Bxe6 $1 $14 fxe6 21. Nd2) 20... Bxb3 (20... Qd7 $1 $11) 21. Nxb3 $14 Qc7 22. Rc2 $36 {[%mdl 2048] Keeping Black busy.} Bc3 ({Black should play} 22... Nc6) 23. Nd4 $16 Qc5 24. Bf6 Ra7 $2 (24... Rac8 {was necessary.} 25. Nb5 (25. Bxe7 Qxd4 26. Bxf8 Qxd1 $16) 25... Bxf6 26. Rxc5 dxc5) 25. Nb5 $18 {[%mdl 64] [#] Discovered Attack. White is clearly winning.} Rd7 26. Nxc3 bxc3 27. Rxc3 Qb4 {[#]} (27... Qh5 $142 28. Qd2 Kh7) 28. Qg4 $1 {Threatening mate with Qh4.} g5 {Accuracy: White = 80%, Black = 29%.} 1-0